<?xml version="1.0" encoding="UTF-8"?>
<record
    xmlns:xsi="http://www.w3.org/2001/XMLSchema-instance"
    xsi:schemaLocation="http://www.loc.gov/MARC21/slim http://www.loc.gov/standards/marcxml/schema/MARC21slim.xsd"
    xmlns="http://www.loc.gov/MARC21/slim">

  <leader>01230cam a22003011  4500</leader>
  <controlfield tag="001">f  01003361 </controlfield>
  <controlfield tag="003">DLC</controlfield>
  <controlfield tag="005">20260227111246.0</controlfield>
  <controlfield tag="008">780329m18331838fr abcf       000 0 fre  </controlfield>
  <datafield tag="010" ind1=" " ind2=" ">
    <subfield code="a">f  01003361 </subfield>
  </datafield>
  <datafield tag="035" ind1=" " ind2=" ">
    <subfield code="a">(OCoLC)3759763</subfield>
  </datafield>
  <datafield tag="040" ind1=" " ind2=" ">
    <subfield code="a">DLC</subfield>
    <subfield code="c">CtHT</subfield>
    <subfield code="d">DLC</subfield>
  </datafield>
  <datafield tag="042" ind1=" " ind2=" ">
    <subfield code="a">premarc</subfield>
  </datafield>
  <datafield tag="050" ind1="0" ind2="0">
    <subfield code="a">DC611.B765</subfield>
    <subfield code="b">A4</subfield>
  </datafield>
  <datafield tag="100" ind1="1" ind2=" ">
    <subfield code="a">Allier, Achille.</subfield>
  </datafield>
  <datafield tag="245" ind1="1" ind2="2">
    <subfield code="a">L'ancien Bourbonnais,</subfield>
    <subfield code="b">(histoire, monumens, m&#x153;urs, statistique)</subfield>
    <subfield code="c">par A. Allier, grav&#xE9; et lithographi&#xE9; sous la direction de m. Aim&#xE9; Chenavard, d'apr&#xE8;s les dessins et documens de m. Dufour, par une soci&#xE9;t&#xE9; d'artistes.</subfield>
  </datafield>
  <datafield tag="260" ind1=" " ind2=" ">
    <subfield code="a">Moulins,</subfield>
    <subfield code="b">Impr. de Desrosiers fils,</subfield>
    <subfield code="c">1833-38.</subfield>
  </datafield>
  <datafield tag="300" ind1=" " ind2=" ">
    <subfield code="a">2 v.</subfield>
    <subfield code="b">front (port.) illus.</subfield>
    <subfield code="c">48 cm.</subfield>
    <subfield code="a">and atlas of 136 pl., 2 maps.</subfield>
    <subfield code="c">54 cm.</subfield>
  </datafield>
  <datafield tag="500" ind1=" " ind2=" ">
    <subfield code="a">Atlas has engraved t.-p. and half-title.</subfield>
  </datafield>
  <datafield tag="500" ind1=" " ind2=" ">
    <subfield code="a">Title in black and red.</subfield>
  </datafield>
  <datafield tag="500" ind1=" " ind2=" ">
    <subfield code="a">The work was begun by Achille Allier, and continued by A. Michel and L. Batissier.</subfield>
  </datafield>
  <datafield tag="651" ind1=" " ind2="0">
    <subfield code="a">Bourbonnais (France)</subfield>
    <subfield code="x">History.</subfield>
  </datafield>
  <datafield tag="651" ind1=" " ind2="0">
    <subfield code="a">Bourbonnais (France)</subfield>
    <subfield code="x">Antiquities.</subfield>
  </datafield>
  <datafield tag="700" ind1="1" ind2=" ">
    <subfield code="a">Michel, Adolphe,</subfield>
    <subfield code="d">1801?-1891?</subfield>
  </datafield>
  <datafield tag="700" ind1="1" ind2=" ">
    <subfield code="a">Batissier, Louis,</subfield>
    <subfield code="d">1813-1882.</subfield>
  </datafield>
  <datafield tag="700" ind1="1" ind2=" ">
    <subfield code="a">Dufour, Claude Henri,</subfield>
    <subfield code="d">1766-1845.</subfield>
  </datafield>
  <datafield tag="700" ind1="1" ind2=" ">
    <subfield code="a">Chenavard, Aim&#xE9;,</subfield>
    <subfield code="d">1798-1838.</subfield>
  </datafield>
  <datafield tag="999" ind1=" " ind2=" ">
    <subfield code="c">23059</subfield>
    <subfield code="d">23059</subfield>
  </datafield>
</record>
